Sources for the history of Cyprus /
Main Author:
Format: Book
Language: English
Published:
Albany, N.Y. : Nicosia :
Institute of Cypriot Studies, University at Albany, State University of New York ; Cyprus College,
1996.
Subjects:
Tags: Add Tag
Call Number: DS54.6 .W35 v.2
| LEADER | 00829nam a2200217Ia 4500 | ||
|---|---|---|---|
| 003 | OSt | ||
| 005 | 20260310121936.0 | ||
| 008 | 220401s1996 nyub s001 0 eng d | ||
| 020 | |a 096517042X | ||
| 040 | |c ARCE Library | ||
| 050 | 4 | |a DS54.6 .W35 v.2 | |
| 100 | 1 | |a Wallace, Paul W. | |
| 245 | 1 | 0 | |a Sources for the history of Cyprus / |c edited by Paul W. Wallace and Andreas G. Orphanides. |
| 264 | 1 | |a Albany, N.Y. : |b Institute of Cypriot Studies, University at Albany, State University of New York ; |a Nicosia : |b Cyprus College, |c 1996. | |
| 300 | |a 92 pages : |b map ; |c 25 cm. | ||
| 500 | |a Includes index. | ||
| 505 | 1 | |a v. 2. Near Eastern and Aegean texts from the third to the first millenia B.C. / edited by A. Bernard Knapp. | |
| 651 | 0 | |a Cyprus |x History |v Sources. | |
| 901 | |a reviewed | ||
| 942 | |2 lcc |c BK | ||
| 999 | |c 47190 |d 47190 | ||
